[Event "Cataluna-chT"]
[Site "ESP"]
[Date "1999.??.??"]
[Round "5"]
[White "Kolev, Atanas"]
[Black "Korneev, Oleg"]
[Result "1/2-1/2"]
[WhiteElo "2525"]
[BlackElo "2605"]

1.d4 d5 2.c4 e6 3.Nf3 Nf6 4.Nc3 c6 5.e3 Nbd7 6.Qc2 Bd6 7.Bd3 O-O 8.O-O dxc4
9.Bxc4 a6 10.Rd1 b5 11.Be2 Qc7 12.e4 e5 13.g3 Re8 14.a3 exd4 15.Nxd4 Bb7
16.Nf5 Be5 17.Bf3 g6 18.Nh6+ Kg7 19.Bg5 c5 20.Nd5 Nxd5 21.exd5 f6 22.Be3 Bd6
23.Qd2 Ne5 24.Be2 Bc8 25.Rac1 Bh3 26.b4 c4 27.f4 c3 28.Rxc3 Nc4 29.Bxc4 bxc4
30.Bd4 Re4 31.g4 Bxf4 32.Qf2 Rf8 33.Rxh3 Bxh6  1/2-1/2

[Event "Tres Peons op"]
[Site "ESP"]
[Date "1999.??.??"]
[Round "6"]
[White "Prat Llables, J."]
[Black "Escuder Vilaltella, J."]
[Result "1/2-1/2"]
[WhiteElo "2145"]
[BlackElo "2310"]

1.d4 d5 2.c4 c6 3.Nc3 Nf6 4.e3 e6 5.Nf3 Nbd7 6.Qc2 Bd6 7.g4 Nxg4 8.Rg1 h5
9.h3 Qf6 10.hxg4 Qxf3 11.gxh5  1/2-1/2

[Event "Tres Peons op"]
[Site "ESP"]
[Date "1999.??.??"]
[Round "7"]
[White "Serrano Pertinez, Miguel"]
[Black "Prat Llables, J."]
[Result "1-0"]
[WhiteElo "2210"]
[BlackElo "2145"]

1.c4 Nf6 2.Nc3 c6 3.Nf3 d5 4.e3 e6 5.d4 Nbd7 6.Bd3 dxc4 7.Bxc4 b5 8.Bd3 a6
9.a4 b4 10.Ne4 c5 11.O-O Bb7 12.Ng3 Bd6 13.Qe2 O-O 14.b3 e5 15.Nf5 Bb8 16.dxe5 Nxe5
17.Nxe5 Bxe5 18.Ra2 Ne4 19.Bb2 Nc3 20.Qc2 g6 21.Ng3 Nxa2 22.Bxe5 Nc3 23.Nh5 f6
24.Bxc3 bxc3 25.Bxg6 Qe7 26.Bf5 Rad8 27.Nf4 Bc8 28.Bd3 Rd6 29.Qxc3 Qe5 30.Qc2 f5
31.Rc1 Rc6 32.h3 Bd7 33.Qe2 Kh8 34.Bxa6  1-0

[Event "Tres Peons op"]
[Site "ESP"]
[Date "1999.??.??"]
[Round "8"]
[White "Martin Valentin, F."]
[Black "Daguro Dasalla, A."]
[Result "1/2-1/2"]
[WhiteElo "2115"]
[BlackElo "2045"]

1.d4 d5 2.c4 c6 3.Nc3 e6 4.e3 Nf6 5.Nf3 Be7 6.Bd3 Bd7 7.O-O dxc4 8.Bxc4 c5
9.d5 exd5 10.Nxd5 O-O 11.Nxe7+ Qxe7 12.Qc2 Bc6 13.Be2 Be4 14.Qb3 Nc6 15.Bd2 Rad8
16.Rfd1 Nd5 17.a3 Nb6 18.Ne1 Bd5 19.Qc2 Be4 20.Qb3  1/2-1/2

[Event "Euskadi-ch13"]
[Site "Euskadi"]
[Date "1999.??.??"]
[Round "2"]
[White "Sierra, C."]
[Black "Olaizola, L."]
[Result "0-1"]
[WhiteElo "2035"]
[BlackElo "2290"]

1.d4 d5 2.Nf3 Nf6 3.c4 c6 4.Nc3 e6 5.e3 Nbd7 6.Bd3 dxc4 7.Bxc4 b5 8.Bd3 Bb7
9.O-O b4 10.Na4 c5 11.dxc5 Nxc5 12.Nxc5 Bxc5 13.Bb5+ Ke7 14.b3 Qb6 15.Qe2 Rhd8
16.Bb2 Bxf3 17.gxf3 Rd5 18.Bc4 Rh5 19.f4 Rh6 20.Qf3 Rd8 21.Rad1 Bd6 22.Bd4 Qa5
23.e4 Bc7 24.Be3 Ng4 25.h3 Nxe3 26.Qxe3 Bb6 27.Qf3 Qh5 28.Qxh5 Rxh5 29.Rxd8 Bxd8
30.Kg2 Ra5 31.Ra1 Bb6 32.f5 exf5 33.exf5 Kf6 34.Kg3 Rxf5 35.f3 Bc7+ 36.Kf2 Bb6+
37.Kg3 Rg5+ 38.Kf4 Rg2 39.a4 bxa3 40.Rxa3 g5+ 41.Ke4 Rh2 42.Bf1 Kg6 43.Ra1 Rb2
44.Bc4 Rd2 45.Ra6 f6 46.f4 Rd4+ 47.Kf3 Rxf4+ 48.Kg3 h5 49.Ra2 Rd4 50.Re2 g4
51.hxg4 hxg4 52.Re8 Bc7+ 53.Kg2 Rd2+ 54.Be2 Be5 55.Kf1 Kf5 56.Rg8 g3 57.Ke1 Rb2
58.Rg7 Kf4  0-1

[Event "FIN-chT9899"]
[Site "FIN"]
[Date "1999.??.??"]
[Round "6"]
[White "Lassila, Erkki"]
[Black "Koskinen, Henri"]
[Result "1-0"]
[WhiteElo "2326"]
[BlackElo "2312"]

1.d4 d5 2.c4 c6 3.Nf3 Nf6 4.Nc3 e6 5.e3 Nbd7 6.Qc2 Bd6 7.Bd3 O-O 8.O-O dxc4
9.Bxc4 Qe7 10.a3 e5 11.h3 Bb8 12.Ba2 h6 13.Nh4 Rd8 14.Nf5 Qe8 15.Ne4 Nxe4
16.Qxe4 Nf8 17.b4 Qd7 18.g4 Qc7 19.Bb2 Bxf5 20.gxf5 exd4 21.Qg2 Qe5 22.Bxd4 Rxd4
23.exd4 Qxf5 24.d5 Be5 25.dxc6 bxc6 26.Rac1 Rd8 27.Rxc6 Rd2 28.Bb1 Qf4 29.Rc2 Rd6
30.Re2 Ne6 31.Rfe1 Bc3 32.Qa8+  1-0

[Event "FRA-chT 9899"]
[Site "FRA"]
[Date "1999.??.??"]
[Round "1"]
[White "Laclau, Daniel"]
[Black "Borgo, Giulio"]
[Result "0-1"]
[WhiteElo "2292"]
[BlackElo "2448"]

1.d4 d5 2.Nf3 c6 3.c4 e6 4.e3 Nf6 5.Nc3 Nbd7 6.Qc2 Bd6 7.Bd3 dxc4 8.Bxc4 O-O
9.O-O Qe7 10.Rd1 e5 11.h3 Bb8 12.b3 e4 13.Nd2 Re8 14.a4 Nb6 15.Be2 Nbd5 16.Ba3 Qe6
17.Nc4 Nxc3 18.Qxc3 Nd5 19.Qd2 Qh6 20.Bb2 Bxh3 21.gxh3 Qxh3 22.Ne5 Bxe5 23.dxe5 Re6  0-1

[Event "FRA-chT 9899"]
[Site "FRA"]
[Date "1999.??.??"]
[Round "3"]
[White "Flear, Glenn C"]
[Black "Summerscale, Aaron"]
[Result "1-0"]
[WhiteElo "2484"]
[BlackElo "2440"]

1.d4 d5 2.c4 c6 3.Nc3 Nf6 4.e3 e6 5.Nf3 Nbd7 6.Qc2 Bd6 7.Bd2 O-O 8.O-O-O c5
9.cxd5 exd5 10.Be1 c4 11.g4 Nb6 12.h3 Re8 13.Bg2 Bd7 14.Nd2 Bb4 15.Ndb1 Qe7
16.Rg1 Rac8 17.g5 Ne4 18.Bxe4 dxe4 19.Nxe4 Qxe4 20.Qxe4 Rxe4 21.Bxb4 Nd5
22.Bd2 Rh4 23.Rg3 b5 24.a3 Rxh3 25.Rxh3 Bxh3 26.e4 Nb6 27.Nc3 a6 28.Be3 Re8
29.d5 Nd7 30.Bd4 Ne5 31.Bxe5 Rxe5 32.f4 Re8 33.Kd2 Bc8 34.Ke3 h6 35.gxh6 gxh6
36.d6 Bb7 37.e5 Kg7 38.Rg1+ Kf8 39.Ne4 Bxe4 40.Kxe4 Rc8 41.f5 c3 42.bxc3 Rxc3
43.e6  1-0

[Event "FRA-chT 9899"]
[Site "FRA"]
[Date "1999.??.??"]
[Round "3"]
[White "Doornbos, Yann"]
[Black "Glavina, Pablo"]
[Result "0-1"]
[WhiteElo "2332"]
[BlackElo "2421"]

1.d4 d5 2.c4 c6 3.Nc3 Nf6 4.e3 e6 5.Nf3 Nbd7 6.Qc2 Bd6 7.Bd3 h6 8.O-O O-O
9.Bd2 Re8 10.Rfe1 b6 11.e4 dxe4 12.Nxe4 Nxe4 13.Bxe4 Bb7 14.b4 Nf6 15.c5 Bf8
16.Bd3 a5 17.bxa5 bxa5 18.Rab1 Ba6 19.Bxa6 Rxa6 20.Rb7 Re7 21.Reb1 Rxb7 22.Rxb7 Qd5
23.Rb8 Ne4 24.Bf4 Ra7 25.Nd2 Nf6 26.Bd6 Nd7 27.Qc4 Nxb8  0-1

[Event "FRA-chT 9899"]
[Site "FRA"]
[Date "1999.??.??"]
[Round "4"]
[White "Legky, Nikolay A"]
[Black "Khenkin, Igor"]
[Result "1/2-1/2"]
[WhiteElo "2487"]
[BlackElo "2641"]

1.d4 d5 2.c4 e6 3.Nc3 c6 4.e3 Nf6 5.Nf3 Nbd7 6.Qc2 Bd6 7.b3 O-O 8.Bb2 Qe7
9.Bd3 e5 10.dxe5 Nxe5 11.Nxe5 Bxe5 12.cxd5 cxd5 13.Ne2 Bg4 14.Bxe5 Qxe5 15.Qc3 Qg5
16.O-O  1/2-1/2

[Event "FRA-chT 9899"]
[Site "FRA"]
[Date "1999.??.??"]
[Round "4"]
[White "Pinter, Jozsef"]
[Black "Gurevich, Mikhail"]
[Result "0-1"]
[WhiteElo "2581"]
[BlackElo "2627"]

1.d4 d5 2.c4 c6 3.e3 Nf6 4.Nc3 e6 5.Nf3 Nbd7 6.Bd3 dxc4 7.Bxc4 b5 8.Bd3 Bb7
9.a3 b4 10.axb4 Bxb4 11.O-O c5 12.Na2 a5 13.Nxb4 axb4 14.Rxa8 Qxa8 15.dxc5 O-O
16.Be2 Nxc5 17.Qd4 Nb3 18.Qxb4 Bd5 19.e4 Nxc1 20.Rxc1 Bxe4 21.Qa3 Qb7 22.b4 Ra8
23.Qb3 Bd5 24.Qb1 h6 25.b5 Qb6 26.Qd3 Ne4 27.Qd4 Qxd4 28.Nxd4 Ra2 29.f3 Nd6
30.Bf1 Rb2 31.Rc7 g6 32.Rc5 Kg7 33.Nc2 Bb3 34.Nd4 Bd5 35.Nc2 Bb3 36.Nd4 Rb1
37.Kf2 Kf6 38.Be2 h5 39.Bd3 Rb2+ 40.Ne2 h4 41.h3 g5 42.Ke3  0-1

[Event "FRA-chT 9899"]
[Site "FRA"]
[Date "1999.??.??"]
[Round "5"]
[White "Bernard, Christophe"]
[Black "Szabolcsi, Janos"]
[Result "1-0"]
[WhiteElo "2356"]
[BlackElo "2448"]

1.d4 d5 2.c4 c6 3.Nf3 Nf6 4.e3 e6 5.Nc3 Nbd7 6.Qc2 Bd6 7.Be2 O-O 8.O-O a6
9.e4 dxe4 10.Nxe4 Nxe4 11.Qxe4 h6 12.Bd3 Nf6 13.Qh4 Re8 14.Rd1 Nd7 15.Qh5 Qf6
16.Ng5 hxg5 17.Bh7+ Kf8 18.Bxg5 g6 19.Qh4 Qxg5 20.Qxg5 Kg7 21.Rd3 Be7 22.Qf4 e5
23.dxe5 Nf8 24.Bxg6 Nxg6 25.Rg3 Be6 26.Qe4 Rh8 27.f4 Bc5+ 28.Kh1 Rh4 29.Rf1 Rah8
30.h3 R8h5 31.b3 Rf5 32.Kh2 Kh8 33.Rg4 Rh7 34.Rd1 Be7 35.Rd6 Bxd6 36.exd6 Nf8
37.Qd4+ f6 38.Rg5 c5 39.Qc3 Rxf4 40.Rxc5 Bd7 41.Rc7 Rf2 42.Kg1 Rxa2 43.Qxf6+ Kg8
44.Rc5 Ne6 45.Rg5+ Nxg5 46.Qd8+ Kf7 47.Qxd7+ Kg6 48.Qg4 Ra1+ 49.Kh2 Ra2 50.Qd1 Rxh3+
51.Kg1 Nf3+ 52.gxf3 Rhh2 53.Qd3+ Kg7 54.Qd4+ Kh7 55.Qe4+ Kg8 56.Qe8+ Kh7
57.Qf7+ Kh8 58.Qf6+ Kh7 59.Qf5+ Kg8 60.d7  1-0

[Event "FRA-chT 9899"]
[Site "FRA"]
[Date "1999.??.??"]
[Round "6"]
[White "Spielmann, Alain"]
[Black "Solakian, Jerome"]
[Result "1/2-1/2"]
[WhiteElo "2252"]
[BlackElo "2240"]

1.d4 d5 2.c4 e6 3.Nc3 c6 4.e3 Nf6 5.Nf3 Nbd7 6.Qc2 Bd6 7.Bd2 O-O 8.h3 a6
9.Bd3 dxc4 10.Bxc4 c5 11.Bd3 Qe7 12.O-O cxd4 13.exd4 b5 14.Ne4 Bb7 15.Bg5 h6
16.Nxd6 Qxd6 17.Be3 Bxf3 18.gxf3 Nd5 19.Qe2 N7f6 20.Kh1 Nf4 21.Bxf4 Qxf4
22.Rad1 Rad8 23.Qe3 Qh4 24.Kh2 Kh8 25.Be4 Nd5 26.Bxd5 Rxd5 27.Rg1 Rfd8 28.Rg4 Qf6
29.Rf4 Rf5 30.Rxf5 Qxf5 31.Rd2 Qd5 32.Qa3 Rd6 33.f4 g6 34.Qe3 Kg7 35.Kg3 Rd7
36.Qe5+ f6 37.Qxd5 Rxd5 38.Kf3 Kf7 39.Rc2 Rxd4 40.Rc7+ Kf8 41.Rc6 Ra4 42.a3 Ke7
43.h4 f5 44.Rb6 Kf7 45.Rb7+ Kf6 46.Rb6 b4 47.axb4 Ra2 48.Kg3 Rxb2 49.Rxa6 Rb3+
50.Kg2 Rxb4 51.Kg3 Re4 52.Rb6 Re1 53.Kg2 Rd1 54.Ra6 Ke7 55.Ra7+ Rd7 56.Ra6 Rc7
57.Rb6 Kf6 58.Ra6 Rc4 59.Kg3 Re4 60.Rb6 Re1 61.Kg2 g5 62.fxg5+ hxg5 63.hxg5+ Kxg5
64.Rb4 Re4 65.Rb3 e5 66.Rb2 Ra4 67.f3 Kf4 68.Kf2 Ra3 69.Rb4+ e4 70.fxe4 fxe4
71.Rb2 Rh3 72.Kg2 Rc3 73.Kf2 Rf3+ 74.Kg2 Rg3+ 75.Kf2 e3+ 76.Kf1 Kf3 77.Rf2+ Ke4
78.Ra2 Rh3 79.Ra8 Rh1+ 80.Ke2 Rh2+  1/2-1/2

[Event "FRA-chT 9899"]
[Site "FRA"]
[Date "1999.??.??"]
[Round "7"]
[White "Doornbos, Yann"]
[Black "Siegel, Georg"]
[Result "1/2-1/2"]
[WhiteElo "2332"]
[BlackElo "2483"]

1.d4 Nf6 2.c4 e6 3.Nf3 d5 4.Nc3 c6 5.e3 Nbd7 6.Qc2 Bd6 7.Bd3 O-O 8.O-O dxc4
9.Bxc4 Qe7 10.h3 a6 11.a3 c5 12.dxc5 Bxc5 13.b4 Bd6 14.Bb2 b5 15.Bd3 Bb7
16.Ne4 Rac8 17.Qb1 Nxe4 18.Bxe4 Bxe4 19.Qxe4 Rc4 20.Qd3 Rd8 21.Rad1 Nb6 22.Kh1 Bc7
23.Qb1 Rc6 24.Qa1 f6 25.Bd4 Nc4 26.e4 e5 27.Bc5 Bd6 28.Be3 Bc7 29.Rd5 Bb6
30.Rfd1 Rcd6 31.Bxb6  1/2-1/2

[Event "FRA-chT 9899"]
[Site "FRA"]
[Date "1999.??.??"]
[Round "8"]
[White "Solozhenkin, Evgeniy"]
[Black "Beikert, Guenther"]
[Result "1-0"]
[WhiteElo "2545"]
[BlackElo "2440"]

1.d4 d5 2.c4 c6 3.Nf3 Nf6 4.Nc3 e6 5.e3 Nbd7 6.Qc2 b6 7.Be2 Bb7 8.O-O Bd6
9.b3 O-O 10.Bb2 c5 11.cxd5 exd5 12.Rfd1 Qe7 13.Rac1 Rac8 14.Qf5 Qe6 15.Qxe6 fxe6
16.Nb5 Bb8 17.Ne5 a6 18.Nxd7 Nxd7 19.Nc3 cxd4 20.exd4 Bf4 21.Rb1 Rc6 22.b4 Rc7
23.b5 a5 24.Bg4 Kf7 25.g3 Bg5 26.h4 Bf6 27.Ne2 Rd8 28.Rbc1 Rc4 29.Nf4 Nf8
30.Re1 Rxc1 31.Rxc1 Rc8 32.Rxc8 Bxc8 33.Nxd5 exd5 34.Bxc8 Ne6 35.Bxe6+ Kxe6
36.h5 Bg5 37.Kf1 Kf5 38.f3 Be3 39.Ke2 Bg1 40.a4 Kg5 41.Kd3 Kxh5 42.Ba3 Kg5
43.Bd6 h5 44.Bc7 Bf2 45.Bxb6 Bxg3 46.Bxa5 h4 47.Ke2 h3 48.Kf1 Kf5 49.Bd2 Ke6
50.a5 Kd7 51.a6 Kc7 52.Ba5+ Kb8 53.b6 Bd6 54.Bd2 Ka8 55.Bg5  1-0

[Event "FRA-chT 9899"]
[Site "FRA"]
[Date "1999.??.??"]
[Round "8"]
[White "Mensch, Etienne"]
[Black "Bujisho, Benjamin"]
[Result "1-0"]
[WhiteElo "2249"]
[BlackElo "2270"]

1.d4 d5 2.c4 c6 3.Nf3 Nf6 4.Nc3 e6 5.e3 Nbd7 6.Bd3 Bd6 7.e4 dxe4 8.Nxe4 Nxe4
9.Bxe4 h6 10.O-O O-O 11.b3 e5 12.dxe5 Nxe5 13.Bb2 Nxf3+ 14.Qxf3 Qg5 15.Bc2 Qf4
16.Qxf4 Bxf4 17.g3 Bc7 18.Rad1 Re8 19.Rfe1 Bg4 20.Rb1 Ba5 21.Re3 Rxe3 22.fxe3 Bb6
23.Kf2 Re8 24.Re1 Ba5 25.Rh1 Rd8 26.Bc1 Rd6 27.Rf1 Bd2 28.Bb2 Bb4 29.Bc1 Bc3
30.Kg2 f6 31.h3 Be2 32.Rf2 Bh5 33.g4 Be8 34.Ba3 Re6 35.Kf3 Re5 36.Bb1 b5
37.Bb2 Bxb2 38.Rxb2 b4 39.Rd2 Kf7 40.Rd8 a5 41.Ra8 Bd7 42.Ra7 Ke8 43.Bg6+ Kd8
44.e4 h5 45.Bxh5 g5 46.Bg6 Rc5 47.Bf5 Be8 48.Kg3 Re5 49.h4 gxh4+ 50.Kxh4 c5
51.Rxa5 Bc6 52.Kh5 Kc7 53.Ra7+ Kb6 54.Rh7 Bxe4 55.Kg6 Bf3 56.Kxf6 Re2 57.g5 Rxa2
58.g6 Rg2 59.g7 Bd1 60.Rh2 Rg1 61.Kf7  1-0

[Event "FRA-chT 9899"]
[Site "FRA"]
[Date "1999.??.??"]
[Round "8"]
[White "Komarov, Dimitri"]
[Black "Fontaine, Robert"]
[Result "1-0"]
[WhiteElo "2588"]
[BlackElo "2369"]

1.d4 d5 2.c4 c6 3.Nf3 Nf6 4.Nc3 e6 5.e3 Nbd7 6.Qc2 Bd6 7.Bd3 O-O 8.O-O h6
9.b3 Qe7 10.Bb2 e5 11.cxd5 cxd5 12.e4 exd4 13.Nxd5 Nxd5 14.exd5 Ne5 15.Bh7+ Kh8
16.Nxd4 Qh4 17.Bf5 Qh5 18.Rfe1 Ng6 19.g3 Ne7 20.Be4 Bd7 21.Bf3 Qg5 22.h4 Qg6
23.Qxg6 Nxg6 24.Nc2 Rfe8 25.Ba3 Bxa3 26.Nxa3 Ne5 27.Be2 Rad8 28.Rad1 a6 29.Rd4 Bf5
30.g4 Bh7 31.Kf1 Nc6 32.Rd2 Nb4 33.Red1 Re5 34.Nc4 Rexd5 35.Rxd5 Rxd5 36.Rxd5 Nxd5
37.Nd6 Nc3 38.Nxb7 Nxa2 39.Bxa6 Nb4 40.Bc4 f5 41.g5 hxg5 42.hxg5 f4 43.Nd6  1-0

[Event "FRA-chT 9899"]
[Site "FRA"]
[Date "1999.??.??"]
[Round "9"]
[White "Flear, Glenn C"]
[Black "Glavina, Pablo"]
[Result "1/2-1/2"]
[WhiteElo "2484"]
[BlackElo "2421"]

1.d4 d5 2.c4 c6 3.Nc3 Nf6 4.e3 e6 5.Nf3 Nbd7 6.Bd3 Bd6 7.e4 dxe4 8.Nxe4 Nxe4
9.Bxe4 h6 10.O-O O-O 11.Bc2 Qc7 12.Qd3 Nf6 13.b3 b6 14.Bb2 Re8 15.Rfe1 Bb7
16.c5 Be7 17.b4 Rad8 18.Re5 bxc5 19.bxc5 Qa5 20.Bc3 Qa3 21.Rb1 Ba6 22.Qd2 Bc4
23.Rb4 Qa6 24.Ra4 Qb5 25.Rb4 Qa6 26.Ra4 Qb5 27.Rxa7 Nd5 28.Re1 Qb8 29.Ra3 Bf6
30.Rb1 Qf4 31.Ba1 Bb5 32.Qe1 Ra8 33.Rxa8 Rxa8 34.Bb3 Bd3 35.Rd1 Bf5 36.Ne5 Qg5
37.g3 Qh5 38.Rd2 Bxe5 39.Qxe5 Qf3 40.Qe2 Qxe2 41.Rxe2 Bd3 42.Rd2 Bb5 43.Kg2 Kf8
44.Bb2 Ke7 45.Kf3 Kd7 46.Bc1 Nb4 47.Ke4 Nd5 48.h4 Rb8 49.Rb2 Nb4 50.Bf4 Ra8
51.Rd2 Nd5 52.Be5 g6 53.g4 f6 54.Bd6 Ra3 55.Kf3 Nc3 56.Bf4 g5 57.hxg5 hxg5
58.Be3 Ra8 59.Rc2 Nd5 60.Rc1 Rh8 61.a4 Bd3 62.Kg3 Rb8 63.Bxd5 exd5 64.Rc3 Be2
65.Rc2 Bd3 66.Rd2 Rb3 67.Ra2 Ke6 68.a5 Ba6 69.Ra1 Kf7  1/2-1/2

[Event "FRA-chT 9899"]
[Site "FRA"]
[Date "1999.??.??"]
[Round "10"]
[White "Pinter, Jozsef"]
[Black "Godena, Michele"]
[Result "1/2-1/2"]
[WhiteElo "2581"]
[BlackElo "2552"]

1.d4 d5 2.c4 c6 3.e3 Nf6 4.Nc3 e6 5.Nf3 a6 6.b3 Bb4 7.Bd2 Nbd7 8.Bd3 O-O
9.O-O Bd6 10.e4 dxc4 11.bxc4 e5 12.d5 Nc5 13.Bg5 h6 14.Bh4 Bg4 15.h3 Bxf3
16.Qxf3 Be7 17.Bg3 Nfd7 18.Rfd1 Bg5 19.Rab1 Re8 20.Be2 Rc8 21.Rb2 g6 22.Bh2 h5
23.g3 Qf6 24.Kg2 Qxf3+ 25.Bxf3 Bd8 26.Nb1 Nf6 27.Nd2 g5 28.g4 h4 29.Be2 Nfd7
30.f3 Ba5 31.Rc2 Na4 32.dxc6 Ndc5 33.cxb7 Nxb7  1/2-1/2

[Event "FRA-chT 9899"]
[Site "FRA"]
[Date "1999.??.??"]
[Round "11"]
[White "Solozhenkin, Evgeniy"]
[Black "Pinter, Jozsef"]
[Result "1/2-1/2"]
[WhiteElo "2545"]
[BlackElo "2581"]

1.d4 Nf6 2.c4 e6 3.Nf3 d5 4.Nc3 c6 5.e3 Nbd7 6.Qc2 Bd6 7.Bd3 O-O 8.O-O dxc4
9.Bxc4 a6 10.Rd1 Qe7 11.a4 c5 12.dxc5 Bxc5 13.b3 b6 14.Bb2 Bb7 15.Ng5 h6
16.Nge4 Bb4 17.Nxf6+ Nxf6 18.Qe2 Rfc8 19.h3 Rc7 20.Na2 Bd6 21.Bd4 Nd7 22.Rd2  1/2-1/2

[Event "FRA-chT"]
[Site "France"]
[Date "1999.??.??"]
[Round "?"]
[White "Pinter, Jozsef"]
[Black "Pelletier, Yannick"]
[Result "1/2-1/2"]
[WhiteElo "2585"]
[BlackElo "2483"]

1.d4 d5 2.c4 c6 3.e3 Nf6 4.Nc3 e6 5.Nf3 Nbd7 6.Bd3 dxc4 7.Bxc4 b5 8.Bd3 Bb7
9.O-O b4 10.Ne4 Be7 11.Nxf6+ Nxf6 12.e4 O-O 13.Qe2 c5 14.dxc5 Nd7 15.c6 Bxc6
16.Be3 Bb7 17.Rfc1 Qb8 18.g3 Rc8 19.Bf4 Rxc1+ 20.Rxc1 Qd8 21.Bc7 Qf8 22.Ba6 Qc8
23.Bf4 Nc5 24.Bxb7 Qxb7 25.Rc4 Rd8 26.b3 h6 27.Be5 f6 28.Bb2 a5 29.Qc2 Nd3
30.Bc1 Bc5 31.Rxc5 Qxe4 32.Qd1 Qa8 33.Rc4 Nxc1 34.Rd4 Rxd4 35.Nxd4 Qd5 36.Qxc1 Qxd4
37.Qc8+ Kh7 38.Qxe6 Qa1+ 39.Kg2  1/2-1/2

[Event "BCF-chTB 98/99"]
[Site "GBR"]
[Date "1999.??.??"]
[Round "5"]
[White "Law, Andrew P"]
[Black "Jakubovics, Nicholas"]
[Result "1/2-1/2"]
[WhiteElo "2325"]
[BlackElo "2210"]

1.d4 d5 2.c4 e6 3.Nc3 c6 4.Nf3 Nf6 5.e3 Nbd7 6.Qc2 Bd6 7.Bd3 dxc4 8.Bxc4 b5
9.Be2 Bb7 10.O-O O-O 11.b3 Rc8 12.Bb2 a6 13.Ne4 Nxe4 14.Qxe4 Qe7 15.Rac1 f5
16.Qb1 e5 17.dxe5 Nxe5 18.Nxe5 Bxe5 19.Bxe5 Qxe5 20.Bf3 Rf7 21.b4 c5 22.Bxb7 Rxb7
23.bxc5 Rxc5 24.Qb3+ Rf7 25.Rfd1 g6 26.g3 Rxc1 27.Rxc1 Kg7 28.Qb4  1/2-1/2

[Event "BCF-chTB 98/99"]
[Site "GBR"]
[Date "1999.??.??"]
[Round "9"]
[White "Norman, Kenneth I"]
[Black "Buckley, David"]
[Result "1/2-1/2"]
[WhiteElo "2172"]
[BlackElo "2143"]

1.Nf3 d5 2.c4 c6 3.d4 Nf6 4.Nc3 e6 5.e3 Ne4 6.Bd3 f5 7.Ne5 Qf6 8.Qc2 Nd7
9.f4 Bd6 10.Nf3 O-O 11.O-O Qh6 12.Rb1 Ndf6 13.b4 Bd7 14.Ne5 Bxe5 15.dxe5 Nxc3
16.Qxc3 Ne4 17.Qc2 Rac8 18.Bb2 g5 19.Bd4 b6 20.c5 gxf4 21.Rxf4 Rb8 22.Bxe4  1/2-1/2

[Event "Oberliga Nord N9899"]
[Site "GER"]
[Date "1999.??.??"]
[Round "?"]
[White "Buhr, Carl Christian"]
[Black "Jaeckle, Marco"]
[Result "1-0"]
[WhiteElo "2320"]
[BlackElo "2270"]

1.d4 d5 2.Nf3 Nf6 3.c4 e6 4.Nc3 c6 5.e3 Nbd7 6.Qc2 Bd6 7.Be2 O-O 8.O-O Qe7
9.b3 a6 10.Bb2 dxc4 11.bxc4 c5 12.Nd2 e5 13.d5 Ne8 14.Bd3 g6 15.Nce4 Bc7
16.f4 f5 17.d6 Bxd6 18.Nxd6 Nxd6 19.Qc3 Qf6 20.fxe5  1-0

[Event "Oberliga Nord N9899"]
[Site "GER"]
[Date "1999.??.??"]
[Round "?"]
[White "Willsch, Mathias"]
[Black "Teschke, Olaf"]
[Result "1-0"]
[WhiteElo "2280"]
[BlackElo "2160"]

1.d4 Nf6 2.c4 e6 3.Nc3 d5 4.Nf3 c6 5.e3 Bd6 6.Qc2 Nbd7 7.Be2 O-O 8.b3 dxc4
9.Bxc4 e5 10.O-O Qc7 11.h3 exd4 12.exd4 h6 13.Bxh6 Bf4 14.Bxf4 Qxf4 15.Ne2 Qh6
16.Ng3 g6 17.Rfe1 Nb6 18.Rad1 Nbd5 19.Bxd5 Nxd5 20.Qd2 Qxd2 21.Rxd2 a5 22.a3 f6
23.Nf1 Kf7 24.Ne3 Nxe3 25.fxe3 Be6 26.Rd3 g5 27.g4 Rad8 28.e4 Kg6 29.Kg2 Rd7
30.Kg3 Rfd8 31.Red1 Kg7 32.R1d2 Kg6 33.h4 gxh4+ 34.Nxh4+ Kg5 35.Nf3+ Kg6
36.Kf4 Rg7 37.Rg2 Kf7 38.g5 Rdg8 39.e5 fxg5+ 40.Rxg5 Bd5 41.Rxg7+ Rxg7 42.Ng5+ Ke7
43.b4 axb4 44.axb4 Rg8 45.Rh3 Rf8+ 46.Ke3 Rf5 47.Rh7+ Kd8 48.Ne4 b6 49.Rh8+ Kc7
50.Rc8+ Kd7 51.Rb8 Kc7 52.Rb7+ Kxb7 53.Nd6+ Ka6 54.Nxf5 Kb5 55.Ne7 Bg2 56.Nc8 c5
57.e6 cxd4+ 58.Kxd4 Kc6 59.Ke5 Bh3 60.Nd6 Bg4 61.Nf5 Kc7 62.Ng7 Kc6 63.Nf5 Kc7
64.b5 Be2 65.Nd6 Kd8 66.Kf6 Bh5 67.e7+ Kd7 68.e8=Q+ Bxe8 69.Nxe8 Kxe8 70.Ke6 Kd8
71.Kd6  1-0

[Event "Oberliga Nord O9899"]
[Site "GER"]
[Date "1999.??.??"]
[Round "?"]
[White "Zierke, Oliver"]
[Black "Kimpinsky, Frank"]
[Result "0-1"]
[WhiteElo "2270"]
[BlackElo "2255"]

1.d4 d5 2.c4 c6 3.Nf3 Nf6 4.Nc3 e6 5.e3 Nbd7 6.Qc2 a6 7.b3 b5 8.Bd3 Be7 9.O-O bxc4
10.bxc4 dxc4 11.Bxc4 c5 12.Bb2 Bb7 13.Rad1 Bxf3 14.gxf3 cxd4 15.Rxd4 Qa5
16.Kh1 Qh5 17.Be2 Bc5 18.Rdd1 O-O 19.Rg1 Rfc8 20.f4 Qh4 21.Rg2 Bf8 22.Qa4 Nc5
23.Qd4 Rd8 24.Qxd8 Rxd8 25.Rxd8 Nfe4 26.Rc8 Nxf2+ 27.Kg1 Nh3+ 28.Kf1 Nxf4
29.exf4 Qxf4+ 30.Rf2 Qb4 31.Ba1 Qb7 32.Rxf8+ Kxf8 33.Bf3 Qb4 34.Kg2 Nd3 35.Rd2 Nf4+
36.Kg3 f6 37.Bb2 Kf7 38.Ne4 Nd5 39.Rc2 Qb8+ 40.Kf2 Qxh2+ 41.Bg2 h5 42.Ng3 h4
43.Nf1 Qf4+ 44.Kg1 Nb4 45.Bc1 Qe5 46.Bb2 Qa5 47.Rc4 Nd3 48.Bc3 Qf5 49.Bd4 h3
50.Bb7 Qg4+ 51.Kh2 Qe2+ 52.Kg1 Nf4 53.Rc7+ Kg6 54.Bc5 Qg4+ 55.Kh2 Nd5 56.Bxd5 Qf4+
57.Ng3 Qxc7 58.Be4+ f5  0-1

[Event "Oberliga Nord O9899"]
[Site "GER"]
[Date "1999.??.??"]
[Round "?"]
[White "Schulz, Volker"]
[Black "Zielinska, Marta"]
[Result "1/2-1/2"]
[WhiteElo "2255"]
[BlackElo "2365"]

1.c4 e6 2.Nc3 d5 3.d4 c6 4.e3 Nf6 5.Nf3 Bd6 6.Bd3 O-O 7.O-O Nbd7 8.e4 dxc4
9.Bxc4 e5 10.Bg5 Qc7 11.Rc1 a6 12.a4 exd4 13.Qxd4 Ng4 14.h3 Nge5 15.Nxe5 Bxe5
16.Qd2 Nc5 17.Qe2 Bxc3 18.Rxc3 Qe5 19.Rf3 g6 20.Re1 Be6 21.b3 Rfe8 22.Bc1 Bxc4
23.Qxc4 Ne6 24.Bd2 Rad8 25.Bc3 Qc5 26.Qe2 Nf4 27.Qf1 b5 28.axb5 axb5 29.Rfe3 Rd7
30.g3 Ne6 31.Rd3 Rxd3 32.Qxd3 Rd8 33.Qe3 Re8 34.Bf6  1/2-1/2

[Event "Oberliga Nord N9899"]
[Site "GER"]
[Date "1999.??.??"]
[Round "?"]
[White "Menk, Rolf"]
[Black "Mordhorst, Henning"]
[Result "0-1"]
[WhiteElo "2180"]
[BlackElo "2270"]

1.d4 d5 2.c4 e6 3.Nc3 Nf6 4.Nf3 c6 5.e3 Nbd7 6.Bd3 Bd6 7.O-O O-O 8.e4 dxc4
9.Bxc4 e5 10.Bg5 Qe7 11.Kh1 Bc7 12.dxe5 Nxe5 13.Nxe5 Bxe5 14.f4 Bxc3 15.bxc3 h6
16.e5 hxg5 17.exf6 Qxf6 18.fxg5 Qxg5 19.Rxf7 Rxf7 20.Qb3 Bf5 21.Bxf7+ Kh7
22.Qc4 Rd8 23.Be6 Bg6 24.Bg4 b5 25.Qe6 Re8 26.Qd7 Re7 27.Qc8 Qd2 28.Rg1 Qf2
29.h3 Re1 30.Rxe1 Qxe1+ 31.Kh2 Qe5+ 32.Kh1 Qxc3 33.Be6 Qe1+ 34.Kh2 Qe5+ 35.Kh1 Kh6
36.Bg8 Qe1+ 37.Kh2 Qe5+ 38.Kh1 Qe8 39.Qg4 Qxg8 40.h4 Qd5 41.Qf4+ Kh7 42.Qc7 a6  0-1

[Event "NRW-Liga I 9899"]
[Site "GER"]
[Date "1999.??.??"]
[Round "6"]
[White "Fridman, Daniel"]
[Black "Fleck, Juergen"]
[Result "1-0"]
[WhiteElo "2515"]
[BlackElo "2375"]

1.d4 d5 2.c4 c6 3.Nf3 Nf6 4.Nc3 e6 5.e3 Nbd7 6.Qc2 Bd6 7.Bd2 O-O 8.O-O-O c5
9.e4 cxd4 10.Nxd4 Be5 11.Be1 dxc4 12.Bxc4 a6 13.Nce2 Qc7 14.Bb4 Nc5 15.f3 Bd7
16.Nb3 Nxb3+ 17.Bxb3 Rfc8 18.Qxc7 Rxc7+ 19.Kb1 Bb5 20.Nd4 Bc4 21.Ba5 Rcc8
22.Bxc4 Rxc4 23.Ne2 Rac8 24.Rd2 g5 25.Bc3 Bxc3 26.Nxc3 R4c5 27.Re1 h6 28.e5 Nd5
29.Nxd5 exd5 30.g3 Kg7 31.a3 Kg6 32.e6 Re8 33.Rde2 f5 34.e7 d4 35.Re6+ Kg7
36.Rd6 Rc7 37.Ree6 Rexe7 38.Rg6+ Kf8 39.Rxh6 Re1+ 40.Ka2 Re2 41.Rxd4 Kg7
42.Rdd6 Rcc2 43.Rdg6+ Kf8 44.Rb6 Rxh2 45.Rhf6+ Ke8 46.Rxb7 Rhg2 47.Rh6  1-0

[Event "GER-ch 11th Seniors"]
[Site "Germany"]
[Date "1999.??.??"]
[Round "?"]
[White "Gelzenleichter, Siegfried"]
[Black "Behle, Karl Willi"]
[Result "1-0"]
[WhiteElo "2015"]
[BlackElo "2285"]

1.Nf3 d5 2.d4 Nf6 3.c4 c6 4.Nc3 e6 5.e3 Nbd7 6.Bd3 Bd6 7.O-O O-O 8.e4 dxc4
9.Bxc4 e5 10.Bg5 Qe7 11.d5 h6 12.Bh4 Nb6 13.Bb3 Bg4 14.h3 Bd7 15.dxc6 bxc6
16.Rc1 Rac8 17.Qd3 Rfd8 18.Qa6 Bb8 19.Rfd1 g5 20.Bg3 Nh5 21.Ne2 Nf4 22.Bxf4 gxf4
23.Kh2 Kh8 24.a4 Be8 25.Qa5 Nd7 26.Qc3 Kh7 27.g3 Nf8 28.Nh4 Bd7 29.Bc2 Ng6
30.Nf5 Qf8 31.Rg1 Be6 32.Rcd1 Rxd1 33.Rxd1 Rd8 34.Rxd8 Qxd8 35.gxf4 Nxf4
36.Nxf4 Bxf5 37.exf5 exf4 38.f6+ Kh8 39.Qxc6 Bd6 40.Qe4 Qg8 41.Kh1 Qg6 42.Qa8+ Qg8
43.Qd5 Bc7 44.Qh5 Qf8 45.Qf5 Qg8 46.b4 Bd8 47.Qxf4 Qg5 48.Qe4 Qg6 49.Qxg6 fxg6
50.Bxg6 Bxf6 51.Kg2 Kg7 52.Be4 Bc3 53.b5 Ba5 54.Kf3 Bb6 55.Kf4 Kf6 56.f3 Ba5
57.Bc6 Bb6 58.Kg4 Ba5 59.Kh5 Kg7 60.Bb7 Bd2 61.Bc8 Kf6 62.Kg4 Ba5 63.f4 Bd2
64.Bd7 Bb4 65.h4 Bd2 66.h5 Bb4 67.Kf3 Bc3 68.Ke4 Bd2 69.Bg4 Bb4 70.Kd5 Bd2
71.Ke4 Ba5 72.Bf5 Bc7 73.Bg6 Ba5 74.Kd5 Bc7 75.f5 Bb6 76.Kc6 Bd8 77.Kb7 Bb6
78.Ka6 Be3 79.a5 Bd4 80.b6 axb6 81.axb6 Be5 82.Kb7  1-0